| 000 | 01372cam a22003251 4500 | ||
|---|---|---|---|
| 001 | 22069 | ||
| 003 | BD-RjUL | ||
| 005 | 20211209000749.0 | ||
| 008 | 140306r19101907enk b 000 0 eng | ||
| 035 | _a(BD-RjUL)22134 | ||
| 035 | _a(OCoLC)4078924 | ||
| 040 |
_aDLC _cMiOC _dMiOC _dOCoLC _dDLC _dBD-RjUL _beng |
||
| 041 | _aeng | ||
| 051 |
_aDA565.B8 _bA26 |
||
| 082 | 0 | 0 |
_a825.8 _bBRS 1910 |
| 100 | 1 |
_aBright, John, _d1811-1889. _968158 |
|
| 245 | 0 | 0 |
_aSelected speeches of the Rt. Honble John Bright, M. P., on public questions / _cJohn Bright. |
| 260 |
_aLondon & Toronto ; _bJ.M. Dent & sons, ltd.; _aNew York : _bE. P. Dutton & co., _c1907 [reprinted 1910]. |
||
| 300 |
_axiii, [2], 271 p. ; _c18 cm. |
||
| 490 | 0 | _aEveryman's library. Oratory [no. 252] | |
| 500 | _a"First edition of this edition 1907. Reprinted...1926." | ||
| 500 | _aIntroduction by Joseph Sturge. | ||
| 500 | _aThe text has been taken from Mr. Thorold Rogers' edition of the Speeches and Public addresses, which had the advantage of Mr. Bright's own revision."--p. [xiv] | ||
| 500 | _a"List of Bright's published speeches, letters, etc.": p. xii. | ||
| 651 | 0 |
_aGreat Britain _xPolitics and government _y1837-1901. _910732 |
|
| 700 | 1 |
_aRogers, James E. Thorold _q(James Edwin Thorold), _d1823-1890, _eed. _968159 |
|
| 942 |
_2ddc _cBK |
||
| 999 |
_c22069 _d22069 |
||